Incoterms ako pravidlá medzinárodného obchodu

Historický vývoj doložiek až po súčasnosť. Štruktúra pravidiel a ich význam. Rozdelenie jednotlivých doložiek Incoterms do príslušných skupín. Význam a spôsob používania dodacích podmienok. Incoterms a ich hodnotenie praxou.

Gespeichert in:
Bibliographische Detailangaben
1. Verfasser: Dudáš-Pajerská, Erika, 1988-
Weitere Verfasser: Kamarásová, Sarah Gael
Format: Buchkapitel
Sprache:Slowakisch
Schlagworte:
Tags: Tag hinzufügen
Keine Tags, Fügen Sie das erste Tag hinzu!

MARC

LEADER 00000naa a2200000 4500
001 0252283
005 20240502074038.2
041 0 |a slo 
044 |a SK 
245 1 0 |a Incoterms ako pravidlá medzinárodného obchodu  |c Erika Dudáš-Pajerská, Sarah Gael Kamarásová 
520 |a Historický vývoj doložiek až po súčasnosť. Štruktúra pravidiel a ich význam. Rozdelenie jednotlivých doložiek Incoterms do príslušných skupín. Význam a spôsob používania dodacích podmienok. Incoterms a ich hodnotenie praxou. 
610 2 0 |a obchod medzinárodný 
610 2 0 |a podmienky dodacie 
610 2 0 |a história 
610 2 0 |a dohody medzinárodné 
610 2 0 |a doložka výhod najvyšších 
610 2 0 |a doložka paritná 
100 1 |a Dudáš-Pajerská, Erika, 1988- 
700 1 |a Kamarásová, Sarah Gael